[Event "EKRAVENTUPHILIE"]
[Site "www.echecsemail.com"]
[Date "2026.02.05"]
[Round "1"]
[White "Mindthegap"]
[Black "Luc20"]
[WhiteElo "1440"]
[BlackElo "1810"]
[Result "0-1"]
1.e4 e5
2.Ng1f3 Ng8f6
3.Nf3xe5 d6
4.Ne5f3 Nf6xe4
5.d4 Bc8g4
6.Bf1e2 Bf8e7
7.Nb1c3 d5
8.O-O c6
9.Nc3xe4 dxe4
10.Nf3e5 Bg4f5
11.Be2c4 Bf5g6
12.Bc4xf7 Bg6xf7
13.Ne5xf7 Kxf7
14.Qd1h5 Kg8
15.b3 Nb8d7
16.Bc1b2 Nd7f6
17.Qh5h4 Qd8d5
18.Ra1e1 Ra8e8
19.c4 Qd5f7
20.Qh4g3 Nf6h5
21.Qg3e3 Be7b4
22.g4 Bb4xe1
23.gxh5 Be1b4
24.h6 Qf7g6
25.Qe3g3 Kf7
26.Qg3xg6 Kxg6
27.Kh1 Rh8g8
28.Rf1g1 Kxh6
29.Bb2c1 Kh5
30.Rg1g5 Kh4
31.Rg5g2 g5
32.h3 Rg8g6
33.Rg2g4 Kxh3
34.Rg4g3 Kh4
35.c5 h6
36.Kh2 Rg6f6
37.Rg3h3 Kg4
38.Rh3g3 Kf5
39.f4 gxf4
40.Rg3g1 Bb4c3
41.Rg1f1 f3
42.Kg3 Bc3xd4
{ abandon }0-1

[Event "Coupe Niveau 3"]
[Site "www.echecsemail.com"]
[Date "2026.02.05"]
[Round "1"]
[White "Domenico"]
[Black "Verson"]
[WhiteElo "1810"]
[BlackElo "1810"]
[Result "1-0"]
1.e4 e6
2.Bf1c4 d5
3.exd5 exd5
4.Bc4e2 Ng8f6
5.Ng1f3 Bf8e7
6.O-O O-O
7.d4 Bc8f5
8.c3 Nb8d7
9.Bc1f4 Nf6h5
10.Bf4g3 Nh5xg3
11.fxg3 h6
12.Nb1d2 Nd7f6
13.Nf3e5 Be7d6
14.Rf1xf5 Nf6e4
15.Nd2xe4 dxe4
16.Be2c4 Bd6xe5
17.Rf5xe5 Kh8
18.Re5h5 Qd8d7
19.Qd1d2 Qd7e7
20.Rh5xh6 gxh6
21.Qd2xh6 Kg8
22.Ra1f1 c6
23.Rf1f5 { abandon }1-0

[Event "Tournoi n27420"]
[Site "www.echecsemail.com"]
[Date "2026.02.05"]
[Round "1"]
[White "Oranmore"]
[Black "Verson"]
[WhiteElo "1930"]
[BlackElo "1830"]
[Result "0-1"]
1.c4 Ng8f6
2.d4 e6
3.Ng1f3 d5
4.cxd5 exd5
5.Nb1c3 c6
6.a3 Bf8d6
7.h3 O-O
8.e3 Bc8f5
9.Bf1e2 Nb8d7
10.O-O Rf8e8
11.Nf3d2 Nd7f8
12.Rf1e1 Bd6c7
13.Nd2f1 Qd8d6
14.Be2f3 Nf6e4
15.Nc3xe4 Bf5xe4
16.Bf3xe4 Re8xe4
17.Nf1g3 Re4e6
18.b4 Ra8e8
19.Bc1d2 Re6g6
20.Qd1c2 Qd6f6
21.Ng3f5 Qf6g5
22.g4 h5
23.e4 Bc7f4
24.Bd2xf4 Qg5xf4
25.Qc2c1 Qf4xc1
26.Ra1xc1 hxg4
27.e5 gxh3
28.Kh2 Rg6g2
29.Kxh3 Rg2xf2
30.Nf5d6 Re8e7
31.Nd6c8 Re7e8
32.Nc8d6 Re8e6
33.Kg3 Rf2d2
34.Re1d1 Re6g6
35.Kf3 Rd2a2
36.Rd1d3 Rg6g2
37.Nd6xb7 Ra2f2
38.Ke3 Nf8e6
39.Rc1xc6 Rf2e2
40.Kf3 Ne6g5
41.Kf4 Re2f2
{ abandon }0-1

[Event "Tournoi n27420"]
[Site "www.echecsemail.com"]
[Date "2026.02.05"]
[Round "1"]
[White "Luc20"]
[Black "Oranmore"]
[WhiteElo "1830"]
[BlackElo "1930"]
[Result "1/2-1/2"]
1.d4 Ng8f6
2.Bc1f4 c6
3.Ng1f3 d5
4.b4 e6
5.a3 Nf6e4
6.Qd1d3 Bf8e7
7.Nf3d2 f5
8.Nd2xe4 dxe4
9.Qd3h3 Qd8xd4
10.c3 Qd4f6
11.e3 Nb8d7
12.Qh3h5 Qf6g6
13.Qh5xg6 hxg6
14.Bf1c4 Nd7b6
15.Bc4b3 Be7f6
16.Bf4d6 Nb6d5
17.Kd2 b5
18.Ra1a2 a5
19.c4 bxc4
20.Bb3xc4 axb4
21.axb4 Ra8xa2
22.Bc4xa2 Bc8a6
23.Rh1c1 Ba6b5
24.Ba2xd5 exd5
25.Nb1c3 Bb5c4
26.Rc1a1 Kd7
27.Bd6c5 Rh8xh2
28.Ra1a7 Ke6
29.Ra7c7 Rh2xg2
30.Rc7xc6 Kf7
31.Nc3d1 Bf6h4
32.Rc6c7 Kg8
33.Bc5d4 Bh4xf2
34.Nd1xf2 Rg2xf2
35.Kc3 Kh7
36.Rc7b7 Kh6
37.b5 Rf2f3
38.Bd4xg7 Kh5
39.Kd4 f4
40.exf4 e3
41.Rb7e7 e2
42.b6 Rf3xf4
43.Kc5 Rf4e4
44.Re7xe4 dxe4
45.Bg7c3 Bc4a6
46.Kd4 Kg4
47.Kxe4 Kg3
48.Ke3 g5
49.Bc3e1 Kg2
50.b7 Ba6xb7
51.Kxe2 Bb7f3
52.Ke3 Bf3d1
53.Kd2 { nul }1/2-1/2

[Event "Coupe Niveau 5"]
[Site "www.echecsemail.com"]
[Date "2026.02.05"]
[Round "1"]
[White "Alain64"]
[Black "Carrighir"]
[WhiteElo "2090"]
[BlackElo "2120"]
[Result "1-0"]
1.f4 d5
2.Ng1f3 c5
3.e3 Nb8c6
4.Bf1b5 Bc8d7
5.O-O Ng8f6
6.b3 g6
7.Bc1b2 Bf8g7
8.Bb5xc6 Bd7xc6
9.Nf3e5 Qd8c7
10.Qd1e2 O-O
11.d4 cxd4
12.exd4 Ra8c8
13.Nb1d2 a6
14.Kh1 Nf6d7
15.c4 Nd7xe5
16.fxe5 dxc4
17.bxc4 Rf8d8
18.d5 Bc6e8
19.Ra1b1 Qc7c5
20.e6 Bg7xb2
21.Rb1xb2 f6
22.Rb2xb7 Rc8c7
23.Rf1b1 Rd8c8
24.h3 g5
25.Rb7xc7 Qc5xc7
26.Qe2g4 Be8g6
27.Rb1c1 Qc7c5
28.Qg4f3 Qc5b4
29.Qf3c3 Qb4xc3
30.Rc1xc3 Bg6e8
31.Kg1 Rc8b8
32.Kf2 Rb8b2
33.Ke3 Rb2xa2
34.c5 Ra2b2
35.d6 exd6
36.cxd6 Rb2b8
37.d7 { abandon }1-0

[Event "Tournoi n27445"]
[Site "www.echecsemail.com"]
[Date "2026.02.05"]
[Round "1"]
[White "Gognol"]
[Black "Bertelsen"]
[WhiteElo "1890"]
[BlackElo "1710"]
[Result "1-0"]
1.e4 c5
2.Bf1c4 Nb8c6
3.Ng1f3 e6
4.c3 d6
5.h3 Bf8e7
6.Nf3h2 a6
7.Qd1f3 Ng8f6
8.Bc4e2 O-O
9.d3 h6
10.Qf3g3 Kh7
11.Bc1e3 Nf6g8
12.Nh2f3 e5
13.h4 g6
14.Nf3g5 Kg7
15.Ng5f3 f5
16.h5 g5
17.exf5 Bc8xf5
18.Nf3h4 Bf5h7
19.Nb1d2 Kh8
20.Nh4g6 Bh7xg6
21.hxg6 Kg7
22.Nd2f3 Kxg6
23.O-O-O Be7f6
24.Nf3h4 Kh7
25.Nh4f5 Nc6e7
26.Nf5xe7 Qd8xe7
27.Rh1h5 Qe7g7
28.Be2g4 Qg7g6
29.Qg3h3 Bf6e7
30.Rd1h1 Kg7
31.Bg4f3 Qg6f5
32.Bf3xb7 Qf5xh3
33.Rh1xh3 Ra8a7
34.Bb7e4 Rf8d8
35.c4 Ra7b7
36.Be4xb7 { abandon }1-0

[Event "Défi"]
[Site "www.echecsemail.com"]
[Date "2026.02.05"]
[Round "1"]
[White "Cocola34"]
[Black "Augustin"]
[WhiteElo "1620"]
[BlackElo "1480"]
[Result "1-0"]
1.e4 e5
2.h4 Nb8c6
3.c3 Bf8c5
4.Ng1f3 Ng8f6
5.b4 Bc5d6
6.d3 O-O
7.g3 Nf6g4
8.Bf1h3 Ng4f6
9.g4 Nf6e8
10.g5 g6
11.Bc1b2 Qd8e7
12.Nb1a3 a5
13.Na3c4 axb4
14.Nc4xd6 Qe7xd6
15.c4 Nc6d4
16.Nf3xd4 exd4
17.Qd1d2 b3
18.a3 c6
19.Qd2d1 b5
20.Qd1xb3 Ra8b8
21.Qb3c2 bxc4
22.dxc4 d3
23.Qc2c3 f6
24.Ra1d1 Qd6c5
25.Rd1xd3 fxg5
26.Qc3h8 Kf7
27.Qh8xh7 Ne8g7
28.Rd3f3 Ke8
29.Qh7xg6 Kd8
30.Rf3xf8 Qc5xf8
31.Qg6xg5 Kc7
32.Bb2e5 d6
33.Be5xg7 Qf8g8
34.Qg5e7 Kb6
35.Bg7d4 c5
36.Qe7xd6 Kb7
37.Qd6e7 Ka8
38.Bd4xc5 Bc8b7
39.Qe7c7 Rb8c8
40.Qc7a5 Kb8
41.Bc5d6 Rc8c7
42.Bd6xc7 1-0

[Event "020226"]
[Site "www.echecsemail.com"]
[Date "2026.02.05"]
[Round "1"]
[White "Turbo"]
[Black "Katastrofic"]
[WhiteElo "1370"]
[BlackElo "1510"]
[Result "0-1"]
1.e4 e5
2.Ng1f3 d6
3.Bf1c4 Bf8e7
4.d3 Ng8f6
5.Bc4xf7 Kxf7
6.h3 Rh8f8
7.Nf3g5 Kg8
8.g4 h6
9.c4 Nf6h5
10.gxh5 Be7xg5
11.Bc1xg5 Qd8xg5
12.Nb1d2 Qg5f6
13.Rh1h2 Qf6h4
14.Nd2f3 Qh4e7
15.Qd1b3 Rf8xf3
16.Rh2g2 Kh8
17.O-O-O b6
18.Rd1d2 Rf3xh3
19.Qb3d1 Bc8b7
20.Qd1g4 Rh3h1
21.Kc2 Qe7d7
22.Qg4xd7 Nb8xd7
23.f3 Ra8f8
24.Rg2g6 Rf8xf3
25.Rd2g2 Rf3f7
26.Rg6e6 Nd7c5
27.Re6e8 Kh7
28.Rg2g6 Rh1xh5
{ abandon }0-1

[Event "BERNARD MAS"]
[Site "www.echecsemail.com"]
[Date "2026.02.05"]
[Round "1"]
[White "Intrigue"]
[Black "Pgo"]
[WhiteElo "1720"]
[BlackElo "1750"]
[Result "1-0"]
1.d4 d5
2.c4 e6
3.Nb1c3 Ng8f6
4.a3 Bf8d6
5.Ng1f3 O-O
6.Bc1g5 h6
7.Bg5xf6 Qd8xf6
8.e3 c6
9.cxd5 a6
10.Bf1d3 exd5
11.O-O Bc8g4
12.Bd3e2 b5
13.h3 Bg4h5
14.Rf1e1 Nb8d7
15.Nf3d2 Bh5xe2
16.Qd1xe2 Rf8e8
17.Nd2f3 a5
18.b3 b4
19.axb4 Bd6xb4
20.Re1c1 Nd7b6
21.Nc3a2 Re8e4
22.Na2xb4 axb4
23.Nf3e5 Ra8xa1
24.Rc1xa1 Re4xe5
25.dxe5 Qf6xe5
26.Qe2a6 Qe5c7
27.Qa6d3 g6
28.e4 dxe4
29.Qd3xe4 Qc7d6
30.g3 Kg7
31.Kg2 Qd6f6
32.Ra1e1 Nb6d5
33.Qe4e5 h5
34.Qe5xf6 Kxf6
35.Re1c1 Nd5e7
36.Rc1c4 Ne7d5
37.Rc4xc6 Ke5
38.Rc6c8 Ke6
39.Kf3 f5
40.Rc8c6 Kf7
41.h4 Nd5c3
42.Rc6b6 Nc3d5
43.Rb6b8 Kf6
44.Ke2 Ke5
45.Kd3 f4
46.Rb8e8 Kf5
47.Kd4 Nd5c3
48.Re8e5 Kf6
49.gxf4 Nc3d1
50.f3 Nd1f2
51.Kc4 Nf2h3
52.Kxb4 Nh3xf4
53.Re5e8 Nf4d3
54.Kc3 Nd3e5
55.f4 Ne5f3
56.b4 Nf3xh4
57.b5 Nh4g2
58.b6 Ng2xf4
59.Re8f8 Ke5
60.Rf8xf4 Kxf4
61.b7 g5
62.b8Q Kf3
63.Qb8f8 Kg3
64.Qf8d6 Kf3
65.Qd6d5 Kf4
66.Qd5f7 Kg4
67.Kd3 h4
68.Ke3 h3
69.Kf2 Kh4
70.Qf7h7 Kg4
71.Kg1 Kg3
72.Qh7d3 Kg4
73.Kh2 { abandon }1-0

[Event "0402"]
[Site "www.echecsemail.com"]
[Date "2026.02.05"]
[Round "1"]
[White "Turbo"]
[Black "Qsdmlk"]
[WhiteElo "1370"]
[BlackElo "1460"]
[Result "1-0"]
1.e4 e5
2.Ng1f3 Nb8c6
3.Bf1c4 h6
4.O-O Bf8c5
5.d4 exd4
6.c3 Nc6a5
7.Bc4xf7 Kxf7
8.Nf3e5 Ke7
9.Qd1g4 d6
10.Qg4xg7 Ke8
11.Qg7g6 Ke7
12.Qg6f7 1-0

[Event "FARSCHWILLER"]
[Site "www.echecsemail.com"]
[Date "2026.02.05"]
[Round "1"]
[White "4x4"]
[Black "Mindthegap"]
[WhiteElo "1490"]
[BlackElo "1420"]
[Result "1-0"]
1.e4 e5
2.Ng1f3 Ng8f6
3.Nf3xe5 d6
4.Ne5f3 Nf6xe4
5.d4 d5
6.Bf1d3 Bf8e7
7.O-O O-O
8.Bd3xe4 dxe4
9.Nf3e5 f6
10.Ne5c4 Rf8e8
11.b3 Bc8e6
12.Bc1b2 Be6xc4
13.bxc4 Be7d6
14.c3 f5
15.Nb1d2 Qd8f6
16.c5 Bd6f4
17.g3 e3
18.gxf4 Qf6g6
19.Kh1 exd2
20.Qd1xd2 Qg6h5
21.Ra1e1 Qh5f3
22.Kg1 Qf3g4
23.Kh1 Qg4f3
24.Kg1 Nb8c6
25.Re1xe8 Ra8xe8
26.Rf1e1 Qf3g4
27.Kf1 Qg4h3
28.Kg1 Qh3g4
29.Kh1 Re8xe1
30.Qd2xe1 Qg4f3
31.Kg1 Nc6e7
32.Qe1e6 Kh8
33.Qe6xe7 Qf3d1
34.Kg2 Qd1g4
35.Kf1 Qg4d1
36.Qe7e1 Qd1xe1
37.Kxe1 a5
38.a4 c6
39.Ke2 g6
40.Kd3 h5
41.Kc4 Kg7
42.d5 cxd5
43.Kxd5 Kh6
44.h4 Kg7
45.c4 Kf7
46.Kd6 Ke8
47.Kc7 Ke7
48.Kxb7 Kd7
49.c6 { abandon }1-0

[Event "Défi"]
[Site "www.echecsemail.com"]
[Date "2026.02.05"]
[Round "1"]
[White "Lancov"]
[Black "Jpjay"]
[WhiteElo "1920"]
[BlackElo "1660"]
[Result "1-0"]
1.e4 e5
2.Ng1f3 Ng8f6
3.d4 Bf8b4
4.c3 Bb4d6
5.dxe5 Nf6xe4
6.exd6 Ne4xd6
7.Bf1d3 O-O
8.Bd3xh7 Kxh7
9.Nf3g5 Kg6
10.h4 Qd8e7
11.Bc1e3 Nd6f5
12.h5 Kh6
13.Ng5xf7 Kh7
14.Nf7g5 Kg8
15.Qd1d5 Kh8
16.O-O Nf5xe3
17.fxe3 c6
18.Rf1xf8 Qe7xf8
19.Qd5e4 d5
20.Qe4h7 1-0

[Event "Jean 8"]
[Site "www.echecsemail.com"]
[Date "2026.02.05"]
[Round "1"]
[White "Intrigue"]
[Black "4x4"]
[WhiteElo "1720"]
[BlackElo "1450"]
[Result "1-0"]
1.f4 e6
2.Ng1f3 d6
3.e4 Nb8c6
4.Bf1c4 Bc8d7
5.O-O Qd8e7
6.Nb1c3 O-O-O
7.d4 f5
8.a3 Ng8f6
9.exf5 exf5
10.Rf1e1 Nf6e4
11.Qd1d3 Rd8e8
12.Nc3d5 Qe7d8
13.b4 a6
14.b5 Nc6e7
15.bxa6 b6
16.Qd3b3 Ne7xd5
17.Bc4xd5 c6
18.a7 Kb7
19.Bd5f7 Re8e7
20.d5 Re7xf7
21.Bc1e3 c5
22.c4 Qd8a8
23.Nf3g5 Ne4xg5
24.fxg5 g6
25.Be3f4 Bf8g7
26.Ra1b1 Qa8xa7
27.Bf4xd6 h5
28.Bd6xc5 Rh8b8
29.Qb3xb6 Qa7xb6
30.Rb1xb6 Kc7
31.Rb6xg6 Bd7a4
32.Bc5d6 Kc8
33.Bd6xb8 Kxb8
34.Re1b1 Kc7
35.Rb1b4 Ba4c2
36.Rg6c6 Kd7
37.Rb4b7 Ke8
38.Rc6c8 1-0

[Event "Tournoi n27446"]
[Site "www.echecsemail.com"]
[Date "2026.02.05"]
[Round "1"]
[White "Tiounet"]
[Black "Jlr"]
[WhiteElo "1630"]
[BlackElo "1460"]
[Result "1-0"]
1.a3 d5
2.b4 Ng8f6
3.Bc1b2 Nf6e4
4.Ng1f3 f6
5.g3 Bc8f5
6.Bf1g2 b5
7.O-O h5
8.Rf1e1 e6
9.d3 a6
10.dxe4 dxe4
11.Nf3h4 Qd8xd1
12.Re1xd1 Bf8d6
13.Nh4xf5 exf5
14.Nb1c3 O-O
15.Nc3d5 g5
16.Nd5xf6 Kf7
17.Nf6xh5 Kg6
18.g4 fxg4
19.Nh5g3 Bd6xg3
20.hxg3 Nb8c6
21.Bg2xe4 Kh5
22.Rd1d7 Ra8e8
23.Rd7h7 1-0

[Event "Eq:au plaisir du jeux -O fou d hello :"]
[Site "www.echecsemail.com"]
[Date "2026.02.05"]
[Round "1"]
[White "Legrillon"]
[Black "Mequinho"]
[WhiteElo "1740"]
[BlackElo "1960"]
[Result "0-1"]
1.e4 b6
2.d4 Bc8b7
3.d5 g6
4.Bc1g5 Bf8g7
5.c3 Ng8f6
6.Bf1d3 O-O
7.Qd1d2 Rf8e8
8.Bg5h6 e6
9.Bh6xg7 Kxg7
10.h3 exd5
11.f3 dxe4
12.fxe4 Bb7xe4
13.Ng1e2 Be4xg2
14.Rh1h2 Bg2f3
15.Rh2f2 Bf3h5
16.Qd2f4 d5
17.Nb1d2 Nb8d7
18.O-O-O c5
19.Rd1e1 Re8e6
20.Nd2f3 Qd8e7
21.Nf3g5 Re6e3
22.Kd2 Ra8e8
23.Ng5f3 c4
24.Bd3c2 Bh5xf3
25.Rf2xf3 Re3xf3
26.Qf4xf3 Nf6e4
27.Kd1 Nd7f6
28.Bc2xe4 Qe7xe4
29.Qf3xe4 Re8xe4
30.Ne2d4 Re4xe1
31.Kxe1 Nf6e4
32.Ke2 f5
33.Nd4e6 Kf6
34.Ne6c7 Ke5
35.Nc7b5 a6
36.Nb5d4 Kf4
37.Nd4f3 Kg3
38.h4 h6
39.Ke3 g5
40.hxg5 hxg5
41.Nf3g1 Ne4f2
42.b3 cxb3
43.axb3 g4
44.Ng1e2 Kg2
45.Ne2f4 Kf1
46.Nf4xd5 g3
47.Nd5f4 g2
48.Nf4xg2 Kxg2
49.Kf4 Nf2e4
50.Kxf5 Ne4d2
51.b4 a5
52.bxa5 bxa5
53.Ke5 a4
{ abandon }0-1

[Event "Coupe Niveau 3"]
[Site "www.echecsemail.com"]
[Date "2026.02.05"]
[Round "1"]
[White "Elghribi"]
[Black "4x4"]
[WhiteElo "1920"]
[BlackElo "1460"]
[Result "1-0"]
1.e4 e5
2.Ng1f3 d6
3.Bf1c4 Bc8e6
4.Qd1e2 Ng8f6
5.O-O Bf8e7
6.Bc4xe6 fxe6
7.Qe2b5 c6
8.Qb5xb7 Nb8d7
9.Qb7xc6 Ra8c8
10.Qc6a4 Qd8c7
11.c3 Kf7
12.d3 Nd7c5
13.Qa4c2 Rh8d8
14.h3 h6
15.Rf1e1 g5
16.Nf3h2 Nf6h5
17.g3 Rd8f8
18.Qc2e2 Kg6
19.Bc1e3 Nh5f6
20.Nb1d2 Nf6h7
21.Ra1c1 Rc8b8
22.b3 d5
23.Be3xc5 Qc7xc5
24.exd5 Qc5xd5
25.Qe2xe5 Qd5xe5
26.Re1xe5 Rb8b6
27.Rc1e1 Rb6c6
28.Re5xe6 Rc6xe6
29.Re1xe6 Be7f6
30.d4 Rf8f7
31.Nd2e4 Nh7f8
32.Re6xf6 Rf7xf6
33.Ne4xf6 Kxf6
34.Nh2g4 Kf5
35.Ng4xh6 Ke4
36.Nh6f7 Kd3
37.Nf7xg5 Kxc3
38.d5 Kb2
39.h4 Kxa2
40.h5 Kxb3
41.h6 Kc4
42.d6 a5
43.h7 Nf8xh7
44.Ng5xh7 a4
45.d7 a3
46.d8Q a2
47.Qd8g8 Kc3
48.Qg8xa2 Kd4
49.Qa2b3 Ke5
50.Qb3c4 Kd6
51.f4 Ke7
52.Qc4c6 Kf7
53.Nh7g5 Ke7
54.Qc6e6 Kd8
55.f5 Kc7
56.f6 Kd8
57.Qe6e7 Kc8
58.f7 Kb8
59.f8Q 1-0

[Event "Tournoi échelle division 1"]
[Site "www.echecsemail.com"]
[Date "2026.02.05"]
[Round "1"]
[White "Luc20"]
[Black "Domenico"]
[WhiteElo "1850"]
[BlackElo "1800"]
[Result "0-1"]
1.d4 d5
2.Ng1f3 Bc8f5
3.Bc1f4 e6
4.h3 Bf8d6
5.Bf4g5 Bd6e7
6.Qd1d2 Be7xg5
7.Nf3xg5 Ng8f6
8.e3 h6
9.Ng5f3 Nf6e4
10.Qd2e2 Nb8c6
11.Nb1d2 Nc6b4
12.a3 Ne4xd2
13.axb4 Nd2xf3
14.gxf3 O-O
15.Bf1g2 b6
16.b3 c5
17.bxc5 bxc5
18.c3 cxd4
19.cxd4 Qd8g5
20.Bg2f1 Rf8c8
21.Qe2b5 Rc8c2
22.Bf1d3 Bf5xd3
23.Qb5xd3 Rc2c7
24.Kd2 Ra8c8
25.Ra1a2 Qg5g2
26.Rh1f1 Qg2xh3
27.Ke2 Rc7c1
28.Rf1xc1 Rc8xc1
29.Qd3a6 Qh3f1
{ abandon }0-1

[Event "Tournoi échelle division 1"]
[Site "www.echecsemail.com"]
[Date "2026.02.05"]
[Round "1"]
[White "Verson"]
[Black "Pgo"]
[WhiteElo "1810"]
[BlackElo "1760"]
[Result "0-1"]
1.d4 d5
2.Ng1f3 Nb8c6
3.c3 Bc8g4
4.h3 Bg4xf3
5.exf3 e6
6.Bf1d3 Ng8f6
7.O-O Bf8d6
8.Bc1g5 h6
9.Bg5h4 g5
10.Bh4g3 a6
11.Nb1d2 O-O
12.Rf1e1 Rf8e8
13.Nd2f1 b5
14.Bg3e5 Bd6xe5
15.dxe5 Nf6d7
16.f4 f5
17.Qd1h5 Kg7
18.g3 Qd8e7
19.g4 Qe7f7
20.fxg5 Qf7xh5
21.gxh5 hxg5
22.Re1e2 Nc6xe5
23.Ra1e1 Ne5xd3
24.Re1d1 Nd3f4
25.Re2e3 Nf4xh5
26.Rd1e1 Nd7c5
27.b4 Nc5e4
28.f3 f4
29.Re3d3 Ne4g3
30.Re1e5 Kf6
31.Re5e1 c6
32.Kg2 e5
33.Nf1d2 Ng3f5
34.Nd2f1 Nf5h4
35.Kf2 Re8e6
36.a3 Nh4f5
37.Kg2 Nh5g3
38.Nf1xg3 Nf5xg3
39.Rd3d2 Ng3f5
40.Rd2d3 e4
41.fxe4 Re6xe4
42.Re1xe4 dxe4
43.Rd3d1 Nf5e3
{ abandon }0-1

[Event "Tournoi n27448"]
[Site "www.echecsemail.com"]
[Date "2026.02.05"]
[Round "1"]
[White "Tiounet"]
[Black "Wenoketo"]
[WhiteElo "1630"]
[BlackElo "1730"]
[Result "0-1"]
1.a3 e5
2.b4 Nb8c6
3.Bc1b2 a6
4.Ng1f3 d6
5.g3 Bc8e6
6.Bf1g2 Ng8f6
7.O-O Bf8e7
8.d3 O-O
9.c4 Ra8c8
10.Nb1c3 Qd8d7
11.Ra1c1 Rc8e8
12.b5 axb5
13.Nc3xb5 Be6h3
14.Bg2xh3 Qd7xh3
15.Nb5xc7 Re8c8
16.Nc7b5 Rf8d8
17.Qd1d2 Nf6g4
18.Nb5c3 Nc6d4
19.Qd2d1 Nd4xf3
{ abandon }0-1

[Event "Jean 8"]
[Site "www.echecsemail.com"]
[Date "2026.02.05"]
[Round "1"]
[White "Intrigue"]
[Black "Pgo"]
[WhiteElo "1720"]
[BlackElo "1760"]
[Result "1/2-1/2"]
1.f4 Nb8c6
2.Ng1f3 e6
3.e4 Bf8c5
4.d4 Bc5b4
5.c3 Bb4a5
6.Bf1c4 Ng8f6
7.Qd1c2 O-O
8.O-O Ba5b6
9.Nb1d2 d6
10.a3 h6
11.b4 a6
12.e5 dxe5
13.fxe5 Nf6d5
14.Bc4xd5 Qd8xd5
15.c4 Qd5d8
16.c5 Bb6a7
17.Nd2c4 b5
18.Nc4e3 Bc8b7
19.Bc1b2 g6
20.Ra1d1 h5
21.d5 exd5
22.Rd1xd5 Nc6xb4
23.Rd5xd8 Nb4xc2
24.Rd8xf8 Ra8xf8
25.Ne3xc2 Ba7xc5
26.Bb2d4 Bc5xd4
27.Nf3xd4 Rf8d8
28.h4 Bb7e4
29.Rf1f2 c5
30.Nd4b3 c4
31.Nb3a1 Rd8d1
32.Rf2f1 Rd1d2
33.Rf1f2 Rd2d1
34.Kh2 Kg7
35.Rf2e2 Be4d3
36.Re2f2 a5
37.Rf2f3 Bd3e4
38.Rf3f2 b4
39.axb4 axb4
40.Rf2e2 Be4d3
41.Re2e1 Rd1d2
42.Nc2xb4 Bd3f5
43.Re1c1 Rd2d4
44.Na1c2 Rd4xh4
45.Kg1 Rh4e4
46.Rc1e1 Re4f4
47.g3 Rf4f3
48.Re1e3 Rf3xe3
49.Nc2xe3 Bf5d3
50.Kf2 f5
51.Ke1 Kf7
52.Kd2 Ke6
53.Nb4xd3 cxd3
54.Kxd3 Kxe5
55.Ne3c4 Kd5
56.Nc4e3 Ke5
57.Ne3c4 Kf6
58.Ke3 Kg5
59.Kf3 h4
60.gxh4 { nul }1/2-1/2

[Event "Tournoi n27416"]
[Site "www.echecsemail.com"]
[Date "2026.02.05"]
[Round "1"]
[White "Domenico"]
[Black "Titi050"]
[WhiteElo "1790"]
[BlackElo "1780"]
[Result "1-0"]
1.e4 e6
2.Bf1c4 d5
3.exd5 exd5
4.Bc4e2 Ng8f6
5.Ng1f3 Bf8d6
6.d4 O-O
7.O-O Bc8f5
8.c3 c6
9.Bc1e3 Rf8e8
10.Nb1d2 Nb8d7
11.b3 Nd7f8
12.c4 Nf8g6
13.c5 Bd6e7
14.b4 a6
15.a3 Qd8c7
16.Nd2b3 Bf5g4
17.Nf3g5 Bg4xe2
18.Qd1xe2 h6
19.Ng5h3 Nf6e4
20.Ra1c1 Kh8
21.Qe2d3 Ne4f6
22.a4 b5
23.cxb6 Qc7xb6
24.b5 axb5
25.axb5 Ra8a3
26.Qd3c2 Qb6xb5
27.Nb3c5 Be7xc5
28.dxc5 Nf6e4
29.Rc1b1 Qb5d3
30.Qc2xd3 Ra3xd3
31.Rb1b6 Re8c8
32.Rf1b1 Ng6e5
33.Nh3f4 Rd3c3
34.Be3d4 Rc3c2
35.Bd4xe5 Rc2xc5
36.Rb6b8 Rc8g8
37.Rb8xg8 Kxg8
38.Rb1b8 Kh7
39.g4 Rc5c1
40.Kg2 Rc1c2
41.Rb8b2 Rc2c1
42.Nf4d3 Rc1d1
43.Nd3b4 c5
44.Nb4c6 d4
45.Rb2b7 d3
46.Nc6d8 c4
47.Rb7xf7 Kg8
48.Rf7xg7 Kf8
49.f3 d2
50.Nd8e6 Ke8
51.Ne6c7 Kd8
52.Nc7e6 Ke8
53.Ne6c7 Kd8
54.fxe4 Rd1g1
55.Kxg1 d1Q
56.Kf2 Qd1c2
57.Kf3 Qc2d3
58.Kf4 Qd3f1
59.Kg3 Qf1e1
60.Kh3 c3
61.Nc7e6 Ke8
62.Be5d6 c2
63.Rg7e7 1-0

[Event "Défi"]
[Site "www.echecsemail.com"]
[Date "2026.02.05"]
[Round "1"]
[White "Jm29"]
[Black "4x4"]
[WhiteElo "1500"]
[BlackElo "1460"]
[Result "0-1"]
1.e4 e5
2.Ng1f3 d6
3.d4 Nb8d7
4.d5 Nd7c5
5.Bf1b5 Bc8d7
6.Bb5xd7 Qd8xd7
7.Nb1c3 O-O-O
8.O-O Ng8f6
9.Bc1g5 h6
10.Bg5e3 b6
11.Be3xc5 bxc5
12.a4 c6
13.dxc6 Qd7xc6
14.Nc3b5 Kb7
15.Ra1b1 Nf6xe4
16.Qd1d3 Ne4f6
17.Qd3b3 Qc6b6
18.Qb3xf7 Rd8d7
19.Qf7b3 g5
20.c4 Bf8e7
21.h3 Rd7d8
22.Qb3c2 Nf6h5
23.Qc2e4 Ka6
24.Nb5c3 Nh5f4
25.Nc3d5 Nf4xd5
26.cxd5 Rh8f8
27.b4 Rf8f4
28.a5 Rf4xe4
29.axb6 axb6
30.Rb1a1 Kb7
31.bxc5 bxc5
32.Ra1b1 Kc7
33.Nf3d2 Re4d4
34.Nd2b3 Rd4xd5
35.Nb3a5 c4
36.Na5xc4 Rd5c5
37.Nc4b6 Rd8b8
38.Nb6a4 Rc5b5
39.Rb1c1 Kd7
40.Na4c3 Rb5c5
41.f3 Rb8b3
42.Nc3e2 Rb3b2
43.Rc1e1 Rc5c2
44.Rf1f2 Ke6
45.Re1f1 Rc2xe2
46.Rf2xe2 Rb2xe2
47.Rf1a1 d5
48.Kf1 Re2c2
49.Ra1a6 Be7d6
50.Ra6a1 e4
51.Ra1e1 Bd6g3
52.Re1a1 e3
53.Ra1a6 Ke5
54.Ra6xh6 Rc2f2
55.Ke1 Rf2xg2
56.Kd1 Rg2f2
57.Ke1 Rf2xf3
58.Ke2 Rf3f6
59.Rh6xf6 Kxf6
60.Kxe3 Ke5
61.Kf3 Bg3f4
62.Kg4 d4
63.Kf3 d3
64.h4 g4
65.Kxg4 d2
{ abandon }0-1

[Event "Tournoi n27406"]
[Site "www.echecsemail.com"]
[Date "2026.02.05"]
[Round "1"]
[White "Aramis"]
[Black "Hermite"]
[WhiteElo "1570"]
[BlackElo "1530"]
[Result "1-0"]
1.d4 d5
2.c3 e6
3.Ng1f3 Bf8e7
4.g3 Nb8c6
5.Bf1g2 f6
6.Bc1e3 Be7d6
7.O-O Qd8e7
8.a3 e5
9.dxe5 Nc6xe5
10.Qd1xd5 Ne5c6
11.Nf3d4 Bc8e6
12.Nd4xe6 Nc6d8
13.Ne6xd8 Qe7xd8
14.Qd5e4 Ng8e7
15.b4 Ra8b8
16.Qe4g4 O-O
17.Be3h6 Rf8f7
18.Bh6e3 b6
19.Nb1d2 c5
20.Nd2c4 Bd6c7
21.b5 Kh8
22.Nc4d2 Ne7d5
23.Nd2b1 Nd5xe3
24.fxe3 Qd8e8
25.Nb1d2 Qe8xe3
26.Kh1 Qe3xd2
27.c4 Rb8d8
28.Bg2f3 h6
29.Qg4e6 Rd8f8
30.Qe6h3 f5
31.Qh3g2 f4
32.g4 Rf7f6
33.a4 Rf6g6
34.Ra1d1 Qd2b4
35.Rd1d5 Qb4xc4
36.h4 Qc4xa4
37.h5 Rg6d6
38.Rf1d1 Rd6xd5
39.Rd1xd5 Qa4xb5
40.Rd5d1 Rf8e8
41.Qg2f2 Bc7e5
42.Qf2f1 a5
43.Rd1b1 Qb5a6
44.Rb1d1 a4
45.Rd1d5 a3
46.Rd5xe5 Re8xe5
47.Qf1c1 a2
48.Qc1a1 b5
49.Kg2 b4
50.Qa1xe5 Qa6c8
51.Qe5a1 b3
52.Qa1b2 Qc8a8
53.Bf3xa8 c4
54.Ba8d5 c3
55.Qb2xc3 f3
56.exf3 { abandon }1-0

[Event "Défi"]
[Site "www.echecsemail.com"]
[Date "2026.02.05"]
[Round "1"]
[White "Albescab"]
[Black "Gambitor"]
[WhiteElo "1600"]
[BlackElo "1530"]
[Result "0-1"]
1.e4 e6
2.Ng1f3 d5
3.Nb1c3 d4
4.Nc3a4 a6
5.b3 b5
6.Na4b2 Bc8b7
7.d3 Bf8b4
8.Bc1d2 Bb4xd2
9.Qd1xd2 Ng8f6
10.Bf1e2 O-O
11.Nf3h4 Nb8d7
12.Be2f3 Nd7c5
13.e5 Nf6d5
14.O-O Qd8xh4
15.g3 Qh4e7
16.b4 Nc5d7
17.a3 Nd7xe5
18.Bf3e4 Ra8b8
19.c4 dxc3
20.Qd2c2 cxb2
21.Qc2xb2 Qe7d6
22.Qb2c2 Qd6c6
23.Qc2b2 Qc6c3
24.Qb2e2 c5
25.Rf1c1 Qc3d4
26.bxc5 Nd5c3
27.Be4xh7 Kxh7
28.Qe2h5 Kg8
29.Rc1e1 Qd4d5
30.Re1xe5 Qd5g2
0-1

[Event "Tournoi échelle champions"]
[Site "www.echecsemail.com"]
[Date "2026.02.05"]
[Round "1"]
[White "Elghribi"]
[Black "Luc20"]
[WhiteElo "1920"]
[BlackElo "1860"]
[Result "1/2-1/2"]
1.e4 e6
2.d4 d5
3.e5 c5
4.c3 Nb8c6
5.Bf1b5 Bc8d7
6.Bb5xc6 Bd7xc6
7.Ng1f3 b5
8.O-O a5
9.Rf1e1 h6
10.Nb1d2 Bf8e7
11.Nd2f1 Qd8b6
12.Nf1g3 g6
13.Bc1e3 cxd4
14.cxd4 Be7b4
15.Re1e2 Ng8e7
16.Re2c2 Ne7f5
17.Ng3xf5 gxf5
18.Ra1c1 Ra8c8
19.a3 Bb4e7
20.Qd1d2 Be7f8
21.g3 Bf8g7
22.Nf3h4 Kd7
23.Nh4g2 b4
24.axb4 axb4
25.b3 Bc6b7
26.Ng2f4 h5
27.h4 Rc8c6
28.Nf4d3 Rc6xc2
29.Rc1xc2 Bg7f8
30.f4 Bf8e7
31.Be3f2 Bb7a6
32.Nd3c5 Be7xc5
33.Rc2xc5 Rh8c8
34.Rc5xc8 Kxc8
35.Qd2c2 Kd7
36.Qc2d1 Qb6b5
37.Bf2e3 Qb5e2
38.Qd1xe2 Ba6xe2
39.Be3d2 Be2d1
40.Kf2 Bd1xb3
41.Ke3 Bb3d1
42.Bd2xb4 Kc6
{ nul }1/2-1/2

[Event "Marmotte chess  3"]
[Site "www.echecsemail.com"]
[Date "2026.02.05"]
[Round "1"]
[White "Kaelstrum"]
[Black "Qsdmlk"]
[WhiteElo "1490"]
[BlackElo "1560"]
[Result "1-0"]
1.e4 e5
2.Ng1f3 Ng8f6
3.Nf3xe5 Qd8e7
4.d4 d6
5.Ne5f3 Qe7xe4
6.Bf1e2 Bc8g4
7.O-O d5
8.Nb1c3 Qe4e6
9.Nf3e5 Bf8b4
10.Be2xg4 Nf6xg4
11.Ne5xg4 O-O
12.Rf1e1 Qe6d6
13.Nc3b5 Qd6c6
14.Nb5c3 Nb8d7
15.Bc1d2 Qc6g6
16.h3 Bb4a5
17.Nc3xd5 Ba5b6
18.c3 Qg6d6
19.Nd5xb6 Nd7xb6
20.Qd1f3 Nb6d5
21.Re1e2 c6
22.Ra1e1 f5
23.Ng4e5 f4
24.Ne5c4 Qd6g6
25.Qf3e4 f3
26.Qe4xg6 hxg6
27.Re2e6 Rf8f5
28.Re6xg6 Kh7
29.Rg6g3 fxg2
30.Re1e5 Rf5xe5
31.Nc4xe5 Ra8f8
32.Rg3xg2 Rf8f3
33.Ne5xf3 b5
34.Bd2g5 { abandon }1-0

[Event "Défi( 10J+24H/c 10J Max )"]
[Site "www.echecsemail.com"]
[Date "2026.02.05"]
[Round "1"]
[White "Temistocles"]
[Black "Patrick"]
[WhiteElo "1470"]
[BlackElo "1550"]
[Result "0-1"]
1.Ng1f3 d6
2.d4 Ng8f6
3.h3 Bc8e6
4.e3 Be6d5
5.Qd1d3 a6
6.c4 Bd5e4
7.Qd3d2 Nb8d7
8.Nf3g5 e5
9.c5 d5
10.f3 Be4xb1
11.Ra1xb1 e4
12.fxe4 Bf8e7
13.exd5 Nf6xd5
14.Ng5e4 Be7g5
15.Ne4xg5 Qd8xg5
16.h4 Qg5e7
17.Qd2d3 g6
18.e4 Nd5b4
19.Qd3b3 Qe7xe4
20.Bc1e3 Qe4xb1
21.Kf2 a5
22.Rh1g1 O-O-O
23.a3 Rh8e8
24.axb4 axb4
25.Qb3xb4 Nd7f6
26.c6 Nf6e4
27.Kf3 Ne4d6
28.g3 Qb1d1
29.Kf2 Qd1c2
30.Kf3 Qc2xc6
31.Ke2 Nd6f5
32.Bf1g2 Re8xe3
33.Kf2 Qc6c2
34.Kf1 Qc2e2
0-1

[Event "Tournoi n27431"]
[Site "www.echecsemail.com"]
[Date "2026.02.05"]
[Round "1"]
[White "Fouvolant"]
[Black "Katastrofic"]
[WhiteElo "1460"]
[BlackElo "1490"]
[Result "1-0"]
1.e4 e5
2.Ng1f3 d6
3.d4 Bf8e7
4.dxe5 dxe5
5.Qd1xd8 Be7xd8
6.Nf3xe5 Bd8f6
7.Ne5f3 Ng8e7
8.e5 { abandon }1-0